Three men on a horse
Gorde:
| Egile Nagusiak: | , |
|---|---|
| Formatua: | Liburua |
| Hizkuntza: | ingelesa |
| Argitaratua: |
Nueva York
Dramatists Play Service
1935
|
| Gaiak: | |
| Etiketak: |
Etiketa erantsi
Etiketarik gabe, Izan zaitez lehena erregistro honi etiketa jartzen!
|
MARC
| LEADER | 00000nam a2200000 a 4500 | ||
|---|---|---|---|
| 001 | UCQ3953 | ||
| 003 | CL-VaPUC | ||
| 008 | 980828e19350000US |||||||||||||||||eng|d | ||
| 082 | 0 | 4 | |a 812 |b HOL |2 21 |
| 100 | 0 | |a Holm, John Cecil |e author |9 418131 | |
| 700 | 0 | |a Abbott, George |e author |9 418132 | |
| 245 | 1 | 0 | |a Three men on a horse |
| 300 | |a 89 p | ||
| 942 | |c BK | ||
| 945 | |d 19980828 00:00:00 |a crobeson | ||
| 260 | |a Nueva York |b Dramatists Play Service |c 1935 | ||
| 650 | 7 | |a COMEDIAS ESTADOUNIDENSES |2 CL-VaPUC |9 418133 | |
| 650 | 0 | |a Literatura estadounidense |9 317168 | |
| 583 | |a last modification |c 19980828 00:00:00 |k Rodrigo Vera | ||
| 999 | |c 274463 |d 274461 | ||
| 952 | |0 0 |1 0 |4 0 |6 812_000000000000000_HOL_1935 |7 0 |8 A |9 310629 |a BIBEDU |b BIBEDU |d 2019-11-20 |i 1460056 |o 812 HOL 1935 |p 1460056 |r 2019-11-20 |w 2019-11-20 |y BK |k LIT | ||